| 000 | 00333nam a2200133 a 4500 | ||
|---|---|---|---|
| 001 | 4318 | ||
| 003 | CDMR | ||
| 005 | 20130920101400.0 | ||
| 008 | 130130s1966||||||||||||||||||||||||||||d | ||
| 040 |
_aCDMR _bcat _cCDMR |
||
| 245 | 0 | _aDiccionario de sinĂ³nimos ideas afines y contrarios | |
| 260 |
_aBarcelona _c1966 _bTeide |
||
| 942 |
_cREF _2udc |
||
| 999 |
_c4318 _d4318 |
||